Effectif Portugal - Coupe du Monde 2026 - Statistiques

Statistiques générales
  • Ce quiz a été pris 57 fois
  • Le résultat moyen est 22 sur 27
Statistiques - réponses
POSTE CLUB NUMERO JOUEUR % Correct
ATT Al-Nassr 7 Cristiano Ronaldo
100%
ATT PSG 9 Gonçalo Ramos
100%
MIL PSG 15 João Neves
100%
MIL Manchester City 10 Bernardo Silva
98%
MIL Al-Hilal 21 Rúben Neves
98%
G Sporting CP 22 Rui Silva
98%
MIL PSG 23 Vitinha
98%
DEF PSG 25 Nuno Mendes
96%
DEF Manchester City 3 Rúben Dias
96%
MIL Manchester United 8 Bruno Fernandes
94%
ATT Al-Nassr 11 João Félix
94%
ATT AC Milan 17 Rafael Leão
94%
DEF FC Barcelone 20 João Cancelo
92%
G FC Porto 1 Diogo Costa
90%
ATT Chelsea 18 Pedro Neto
88%
MIL RCD Majorque 24 Samú Costa
88%
DEF Manchester United 5 Diogo Dalot
84%
ATT Juventus 26 Francisco Conceição
78%
G Wolverhampton 12 José Sá
70%
DEF Manchester City 6 Matheus Nunes
70%
COACH - - Roberto Martínez
68%
DEF Sporting CP 14 Gonçalo Inácio
58%
ATT Sporting CP 16 Francisco Trincão
56%
DEF Fenerbahçe 2 Nélson Semedo
50%
ATT Real Sociedad 19 Gonçalo Guedes
48%
DEF SL Benfica 4 Tomás Araújo
48%
DEF Villarreal 13 Renato Veiga
46%
Aucun quiz correspondant
Distribution des résultats
% des personnes avec chaque résultat
Percentile par nombre de réponses
Votre historique - résultats
Vous n’avez pas pris ce quiz